000 00819cab a2200229 4500
001 ABS60258
008 090401t1999 xxu||||| |||| 00| 0 eng d
035 _a(Sirsi) u92527
041 _aeng
100 _aHelps, D.
245 _aBreaking the speed limits
260 _c1999
350 _a0
490 _aBuilding
_v264(8081) 1 April 1999, 52(1)
650 _aMANAGEMENT-DISPUTE AVOIDANCE, MANAGEMENT AND RESOLUTION-DISPUTE MANAGEMENT AND RESOLUTION-ALTERNATIVE DISPUTE RESOLUTION-ADJUDICATION
650 _aDISPUTE RESOLUTION
_96236
650 _aMACOB CIVIL ENGINEERING LTD V MORRISON CONSTRUCTION LTD
650 _aSCHEME FOR CONSTRUCTION CONTRACTS
690 _aMANAGEMENT-DISPUTE AVOIDANCE, MANAGEMENT AND RESOLUTION-DISPUTE MANAGEMENT AND RESOLUTION-ARBITRATION
942 _n0
948 _c01/04/1999
999 _c58652
_d58652